5HLuxD.jpg

KING HENRY VIII SENIOR AND PRIMARY SCHOOL LIBRARY OPAC

Measuring things / (Record no. 1473)

000 -LEADER
fixed length control field 01090nam a22003498i 4500
001 - CONTROL NUMBER
control field 020975740
003 - CONTROL NUMBER IDENTIFIER
control field UkOxU
005 - DATE AND TIME OF LATEST TRANSACTION
control field 20221230103521.0
008 - FIXED-LENGTH DATA ELEMENTS--GENERAL INFORMATION
fixed length control field 170206s2017 enka j 000|0|eng|d
015 ## - NATIONAL BIBLIOGRAPHY NUMBER
National bibliography number GBB761379
Source bnb
016 7# - NATIONAL BIBLIOGRAPHIC AGENCY CONTROL NUMBER
Record control number 018286724
Source Uk
020 ## - INTERNATIONAL STANDARD BOOK NUMBER
International Standard Book Number 9781474922654 (hbk.) :
035 ## - SYSTEM CONTROL NUMBER
System control number (Uk)018286724
040 ## - CATALOGING SOURCE
Original cataloging agency StDuBDS
Language of cataloging eng
Description conventions rda
Transcribing agency StDuBDS
Modifying agency KH8
082 04 - DEWEY DECIMAL CLASSIFICATION NUMBER
Classification number 530.8 HOR
Edition number 23
100 1# - MAIN ENTRY--PERSONAL NAME
Personal name Hore, Rosie,
Relator term author.
245 10 - TITLE STATEMENT
Title Measuring things /
Statement of responsibility, etc. Rosie Hore ; illustrated by Benedetta Giaufret & Enrica Rusina.
263 ## - PROJECTED PUBLICATION DATE
Projected publication date 201706
264 #1 - PRODUCTION, PUBLICATION, DISTRIBUTION, MANUFACTURE, AND COPYRIGHT NOTICE
Place of production, publication, distribution, manufacture London :
Name of producer, publisher, distributor, manufacturer Usborne Publishing Ltd.,
Date of production, publication, distribution, manufacture, or copyright notice 2017.
300 ## - PHYSICAL DESCRIPTION
Extent 1 volume :
Other physical details chiefly illustrations (colour) ;
Dimensions 28 cm
336 ## - CONTENT TYPE
Content type term text
Source rdacontent
336 ## - CONTENT TYPE
Content type term still image
Source rdacontent
337 ## - MEDIA TYPE
Media type term unmediated
Source rdamedia
338 ## - CARRIER TYPE
Carrier type term volume
Source rdacarrier
500 ## - GENERAL NOTE
General note Board book.
500 ## - GENERAL NOTE
General note Lift-the-flap book.
650 #0 - SUBJECT ADDED ENTRY--TOPICAL TERM
Topical term or geographic name entry element Measurement
Form subdivision Juvenile literature.
650 #0 - SUBJECT ADDED ENTRY--TOPICAL TERM
Topical term or geographic name entry element Lift-the-flap books.
700 1# - ADDED ENTRY--PERSONAL NAME
Personal name Giaufret, Benedetta,
Relator term illustrator.
700 1# - ADDED ENTRY--PERSONAL NAME
Personal name RusinĂ¡, Enrica,
Relator term illustrator.
942 ## - ADDED ENTRY ELEMENTS (KOHA)
Source of classification or shelving scheme
Koha item type Books - Non Ficton
Holdings
Withdrawn status Lost status Source of classification or shelving scheme Damaged status Not for loan Collection code Permanent Location Current Location Shelving location Date acquired Cost, normal purchase price Total Checkouts Total Renewals Full call number Barcode Date due Date last seen Date last checked out Cost, replacement price Price effective from Koha item type Public note
          Non-Fiction KH8 Primary School Library KH8 Primary School Library Non Fiction 2022-12-30 55.16 19 1 530.8 HOR KHPL000003252 2025-01-24 2024-09-18 2024-09-18 65.16 2022-12-30 Books - Non Ficton Missing Book
          Non-Fiction KH8 Primary School Library KH8 Primary School Library Non Fiction 2022-12-30   4 1 530.8 HOR KHPL000003253   2026-03-10 2026-03-03   2022-12-30 Books - Non Ficton  

Powered By KH8 IT Dept